000 00234nam a22000857a 4500
008 160714b xxu||||| |||| 00| 0 eng d
100 _92826
_aAggarwal (Hindi)
245 _aScience (Hindi)
260 _aNew Delhi
_bVikram Park Publication
_c2010
999 _c2420
_d2420